| 000 | 00569nam a2200205Ia 4500 | ||
|---|---|---|---|
| 001 | 10567 | ||
| 003 | IVS | ||
| 005 | 20250626030605.0 | ||
| 008 | 211022s9999 xx 000 0 und d | ||
| 040 | _cIVS | ||
| 082 | _a741.6 ZUB | ||
| 100 | _aZubairuddin Shaikh | ||
| 245 | 0 | _aIs TV's political satire merely used to comment on | |
| 260 | _aKarachi | ||
| 260 | _bIndus Valley School of Art & Architecture | ||
| 260 | _c2012 | ||
| 300 | _a42 | ||
| 856 | _uhttps://drive.google.com/file/d/1gojpcetpFceLHxiPAnYtaFZUMcqqBkFW/view?usp=sharing | ||
| 942 |
_cDISS _n0 _2ddc |
||
| 999 |
_c11599 _d11599 |
||